000
00333nam a2200145Ia 4500
008
200103s9999||||xx |||||||||||||| ||und||
020
_a
0553202294,
040
_a
IMU-MPC
082
_a
Column-65
100
_a
Goodman, Linda
245
0
_a
Sun Signs
260
_b
Bantam Books, New York
_c
1981
300
_a
xxiv, 484
942
_c
BK
999
_c
11500
_d
11500